Biathlon World Cup Overall Winners - Women - Statistics

General Stats
  • This quiz has been taken 579 times
    439 since last reset
  • The average score is 13 of 39
Answer Stats
Season Winner % Correct
2019-20 Dorothea Wierer
77%
2018-19 Dorothea Wierer
77%
2011-12 Magdalena Neuner
68%
2009-10 Magdalena Neuner
68%
2007-08 Magdalena Neuner
68%
2020-21 Tiril Eckhoff
67%
2017-18 Kaisa Makarainen
65%
2013-14 Kaisa Makarainen
65%
2010-11 Kaisa Makarainen
65%
2016-17 Laura Dahlmeier
63%
2014-15 Darya Domracheva
57%
2012-13 Tora Berger
53%
2015-16 Gabriela Soukalovà
49%
2001-02 Magdalena Forsberg
44%
2000-01 Magdalena Forsberg
44%
1999-00 Magdalena Forsberg
44%
1998-99 Magdalena Forsberg
44%
1997-98 Magdalena Forsberg
44%
1996-97 Magdalena Forsberg
44%
2006-07 Andrea Henkel
36%
2005-06 Kati Wilhelm
35%
2003-04 Liv Grete Poirée
27%
2008-09 Helena Jonsson
21%
2004-05 Sandrine Bailly
17%
2002-03 Martina Glagow
14%
1992-93 Anfisa Reztsova
6%
1994-95 Anne Briand
6%
1990-91 Svetlana Davidova
6%
1991-92 Anfisa Reztsova
5%
1987-88 Anne Elvebakk
4%
1995-96 Emmanuelle Claret
4%
1986-87 Eva Korpela
4%
1985-86 Eva Korpela
4%
1989-90 Jiřína Adamičková
4%
1993-94 Svetlana Paramygina
4%
1988-89 Elena Golovina
2%
1984-85 Sanna Grønlid
2%
1982-83 Gry Østvik
1%
1983-84 Mette Mestad
1%
No matching quizzes found
Score Distribution
Percent of People with Each Score
Percentile by Number Answered
Your Score History
You have not taken this quiz since the last reset